[Event "45th FIDE Chess Olympiad Open"]
[Site "Budapest, Hungary"]
[Date "2024.09.22"]
[Round "11"]
[White "Xie, Felix"]
[Black "Juarez Flores, Carlos A."]
[Result "0-1"]
[Board "177"]
[WhiteFideId "4308174"]
[BlackFideId "7300018"]
[WhiteTitle "FM"]
[BlackTitle "IM"]
[WhiteElo "2320"]
[BlackElo "2308"]
[WhiteTeam "New Zealand"]
[BlackTeam "Guatemala"]
[WhiteClock "0:01:00"]
[BlackClock "0:07:21"]
[Variant "Standard"]

1. e4 {[%clk 1:30:35]}  c6 {[%clk 1:30:28]} 2. Nc3 {[%clk 1:30:03]}  d5 {[%clk 1:30:45]} 3. Nf3 {[%clk 1:30:24]}  dxe4 {[%clk 1:29:58]} 4. Nxe4 {[%clk 1:30:35]}  Nf6 {[%clk 1:30:11]} 5. Qe2 {[%clk 1:30:55]}  Nxe4 {[%clk 1:30:14]} 6. Qxe4 {[%clk 1:31:19]}  Nd7 {[%clk 1:30:37]} 7. Bc4 {[%clk 1:31:37]}  Nf6 {[%clk 1:28:21]} 8. Ne5 {[%clk 1:31:44]}  e6 {[%clk 1:28:01]} 9. Qe2 {[%clk 1:32:06]}  Be7 {[%clk 1:25:01]} 10. O-O {[%clk 1:30:17]}  O-O {[%clk 1:24:36]} 11. Rd1 {[%clk 1:28:38]}  c5 {[%clk 1:21:39]} 12. a4 {[%clk 1:23:32]}  Qc7 {[%clk 1:18:46]} 13. b3 {[%clk 1:18:53]}  Nd5 {[%clk 1:17:20]} 14. Bb2 {[%clk 1:11:22]}  Bf6 {[%clk 1:17:00]} 15. d4 {[%clk 1:01:39]}  cxd4 {[%clk 1:10:15]} 16. Bxd4 {[%clk 1:02:02]}  Rd8 {[%clk 1:05:32]} 17. Qe4 {[%clk 0:50:59]}  Be7 {[%clk 0:58:09]} 18. a5 {[%clk 0:42:16]}  Bd7 {[%clk 0:47:04]} 19. Nxf7 {[%clk 0:27:07]}  Kxf7 {[%clk 0:44:09]} 20. Bxd5 {[%clk 0:27:23]}  exd5 {[%clk 0:41:47]} 21. Qxh7 {[%clk 0:27:47]}  Bf6 {[%clk 0:31:25]} 22. Qh5+ {[%clk 0:25:07]}  Kf8 {[%clk 0:30:36]} 23. Bxf6 {[%clk 0:24:52]}  gxf6 {[%clk 0:30:34]} 24. Rxd5 {[%clk 0:14:21]}  Kg7 {[%clk 0:21:12]} 25. Rd3 {[%clk 0:14:01]}  Rh8 {[%clk 0:21:16]} 26. Qf3 {[%clk 0:07:47]}  Qxh2+ {[%clk 0:20:17]} 27. Kf1 {[%clk 0:08:13]}  Qh1+ {[%clk 0:18:18]} 28. Ke2 {[%clk 0:08:38]}  Rae8+ {[%clk 0:17:24]} 29. Kd2 {[%clk 0:09:04]}  Qxa1 {[%clk 0:16:46]} 30. Rxd7+ {[%clk 0:09:28]}  Kf8 {[%clk 0:17:12]} 31. Qxb7 {[%clk 0:06:01]}  Qxa5+ {[%clk 0:15:24]} 32. b4 {[%clk 0:02:22]}  Qg5+ {[%clk 0:14:52]} 33. Kc3 {[%clk 0:02:47]}  Qe5+ {[%clk 0:11:57]} 34. Kb3 {[%clk 0:03:14]}  Rh1 {[%clk 0:11:32]} 35. Rf7+ {[%clk 0:01:32]}  Kg8 {[%clk 0:12:01]} 36. Rg7+ {[%clk 0:01:49]}  Kh8 {[%clk 0:12:29]} 37. Qf7 {[%clk 0:01:40]}  Rb1+ {[%clk 0:10:04]} 38. Ka4 {[%clk 0:02:07]}  Qa1+ {[%clk 0:08:05]} 39. Kb5 {[%clk 0:02:34]}  Rb8+ {[%clk 0:08:13]} 40. Kc6 {[%clk 0:01:42]}  Qc3+ {[%clk 0:07:17]} 41. Kd6 {[%clk 0:01:00]}  Rd1+ {[%clk 0:07:21]} 0-1

[Event "45th FIDE Chess Olympiad Open"]
[Site "Budapest, Hungary"]
[Date "2024.09.22"]
[Round "11"]
[White "Giron Chavez, David Emanuel"]
[Black "Renjith, Sravan"]
[Result "0-1"]
[Board "178"]
[WhiteFideId "7300697"]
[BlackFideId "4306783"]
[WhiteTitle "FM"]
[BlackTitle "IM"]
[WhiteElo "2065"]
[BlackElo "2325"]
[WhiteTeam "Guatemala"]
[BlackTeam "New Zealand"]
[WhiteClock "0:00:50"]
[BlackClock "0:12:10"]
[Variant "Standard"]

1. e4 {[%clk 1:30:57]}  e5 {[%clk 1:30:52]} 2. Nf3 {[%clk 1:31:14]}  Nc6 {[%clk 1:31:16]} 3. Bc4 {[%clk 1:30:59]}  Bc5 {[%clk 1:31:38]} 4. c3 {[%clk 1:31:05]}  Nf6 {[%clk 1:32:00]} 5. Qe2 {[%clk 1:31:28]}  O-O {[%clk 1:32:21]} 6. Bb3 {[%clk 1:31:39]}  d5 {[%clk 1:31:05]} 7. d3 {[%clk 1:31:43]}  h6 {[%clk 1:31:04]} 8. O-O {[%clk 1:28:23]}  Re8 {[%clk 1:31:09]} 9. Be3 {[%clk 1:15:18]}  Bf8 {[%clk 1:28:24]} 10. Nbd2 {[%clk 1:09:34]}  d4 {[%clk 1:15:50]} 11. cxd4 {[%clk 1:09:49]}  exd4 {[%clk 1:16:03]} 12. Bf4 {[%clk 1:09:47]}  Na5 {[%clk 1:15:49]} 13. Ba4 {[%clk 1:09:15]}  Bd7 {[%clk 1:15:50]} 14. Bxd7 {[%clk 1:07:55]}  Qxd7 {[%clk 1:15:55]} 15. Ne5 {[%clk 1:05:41]}  Qb5 {[%clk 1:01:17]} 16. Nec4 {[%clk 0:52:38]}  Nxc4 {[%clk 0:59:03]} 17. Nxc4 {[%clk 0:52:47]}  c5 {[%clk 0:59:25]} 18. Bd6 {[%clk 0:46:03]}  Rad8 {[%clk 0:34:46]} 19. Bxf8 {[%clk 0:43:46]}  Kxf8 {[%clk 0:35:14]} 20. Qc2 {[%clk 0:41:50]}  Qd7 {[%clk 0:33:14]} 21. a4 {[%clk 0:41:56]}  b6 {[%clk 0:33:00]} 22. h3 {[%clk 0:35:36]}  Kg8 {[%clk 0:26:56]} 23. f4 {[%clk 0:35:46]}  Qe7 {[%clk 0:27:20]} 24. Rae1 {[%clk 0:35:28]}  Rb8 {[%clk 0:26:20]} 25. f5 {[%clk 0:32:01]}  Qc7 {[%clk 0:19:15]} 26. e5 {[%clk 0:12:58]}  Nd7 {[%clk 0:19:37]} 27. Qe2 {[%clk 0:13:06]}  Nxe5 {[%clk 0:19:09]} 28. f6 {[%clk 0:08:20]}  gxf6 {[%clk 0:17:05]} 29. Rxf6 {[%clk 0:05:34]}  Nf3+ {[%clk 0:12:36]} 30. Qxf3 {[%clk 0:05:55]}  Rxe1+ {[%clk 0:13:00]} 31. Kf2 {[%clk 0:06:23]}  Rbe8 {[%clk 0:13:21]} 32. Qg4+ {[%clk 0:06:47]}  Kh7 {[%clk 0:13:33]} 33. Nd6 {[%clk 0:06:47]}  R8e2+ {[%clk 0:13:29]} 34. Kg3 {[%clk 0:04:15]}  Re6 {[%clk 0:13:55]} 35. Qf5+ {[%clk 0:01:40]}  Kh8 {[%clk 0:11:24]} 36. Rxf7 {[%clk 0:01:21]}  Qxd6+ {[%clk 0:11:45]} 37. Kh4 {[%clk 0:00:50]}  Qd8+ {[%clk 0:12:10]} 0-1

[Event "45th FIDE Chess Olympiad Open"]
[Site "Budapest, Hungary"]
[Date "2024.09.22"]
[Round "11"]
[White "Croad, Nicolas"]
[Black "Galvez Dastin, Eduardo"]
[Result "1-0"]
[Board "179"]
[WhiteFideId "4300793"]
[BlackFideId "7300310"]
[WhiteTitle "FM"]
[BlackTitle "FM"]
[WhiteElo "2195"]
[BlackElo "2100"]
[WhiteTeam "New Zealand"]
[BlackTeam "Guatemala"]
[WhiteClock "0:31:27"]
[BlackClock "0:17:02"]
[Variant "Standard"]

1. d4 {[%clk 1:30:58]}  d5 {[%clk 1:30:53]} 2. c4 {[%clk 1:31:23]}  c6 {[%clk 1:31:19]} 3. Nf3 {[%clk 1:31:49]}  Nf6 {[%clk 1:31:44]} 4. e3 {[%clk 1:32:15]}  Bf5 {[%clk 1:29:54]} 5. Nc3 {[%clk 1:32:35]}  e6 {[%clk 1:30:00]} 6. Nh4 {[%clk 1:32:49]}  Bg6 {[%clk 1:25:33]} 7. Bd2 {[%clk 1:32:08]}  c5 {[%clk 1:24:20]} 8. cxd5 {[%clk 1:29:26]}  exd5 {[%clk 1:24:27]} 9. Qb3 {[%clk 1:27:37]}  cxd4 {[%clk 1:19:47]} 10. exd4 {[%clk 1:27:34]}  Qe7+ {[%clk 1:11:35]} 11. Be2 {[%clk 1:23:27]}  Nc6 {[%clk 1:10:37]} 12. Nxg6 {[%clk 1:06:56]}  hxg6 {[%clk 1:10:56]} 13. O-O {[%clk 1:06:27]}  Nxd4 {[%clk 0:48:25]} 14. Qa4+ {[%clk 1:06:45]}  Nc6 {[%clk 0:48:48]} 15. Rfe1 {[%clk 1:05:54]}  Qb4 {[%clk 0:43:36]} 16. Bb5+ {[%clk 0:58:49]}  Kd7 {[%clk 0:43:58]} 17. Nxd5 {[%clk 0:55:07]}  Qxa4 {[%clk 0:39:16]} 18. Nxf6+ {[%clk 0:55:33]}  gxf6 {[%clk 0:39:40]} 19. Bxa4 {[%clk 0:55:58]}  Bd6 {[%clk 0:38:44]} 20. h3 {[%clk 0:52:06]}  Rh4 {[%clk 0:38:39]} 21. Bxc6+ {[%clk 0:45:09]}  bxc6 {[%clk 0:22:38]} 22. Bc3 {[%clk 0:41:25]}  Rf4 {[%clk 0:13:23]} 23. Rad1 {[%clk 0:41:08]}  c5 {[%clk 0:10:10]} 24. g3 {[%clk 0:38:02]}  Rf5 {[%clk 0:10:27]} 25. Re4 {[%clk 0:37:35]}  Kc6 {[%clk 0:10:11]} 26. Ra4 {[%clk 0:37:04]}  Be5 {[%clk 0:04:15]} 27. g4 {[%clk 0:32:15]}  Rf3 {[%clk 0:04:40]} 28. Kg2 {[%clk 0:24:45]}  Rxc3 {[%clk 0:04:57]} 29. bxc3 {[%clk 0:25:10]}  Bxc3 {[%clk 0:05:24]} 30. Rc4 {[%clk 0:18:33]}  Bb4 {[%clk 0:04:56]} 31. a4 {[%clk 0:18:23]}  Re8 {[%clk 0:04:55]} 32. Rd3 {[%clk 0:16:00]}  g5 {[%clk 0:02:14]} 33. Kf3 {[%clk 0:14:38]}  Re7 {[%clk 0:02:26]} 34. Re4 {[%clk 0:13:51]}  Re6 {[%clk 0:01:46]} 35. Rd8 {[%clk 0:13:31]}  Bc3 {[%clk 0:01:41]} 36. Ra8 {[%clk 0:12:11]}  a5 {[%clk 0:01:27]} 37. Ra7 {[%clk 0:12:13]}  Kd5 {[%clk 0:00:51]} 38. Rd7+ {[%clk 0:12:26]}  Rd6 {[%clk 0:01:14]} 39. Rxd6+ {[%clk 0:06:46]}  Kxd6 {[%clk 0:01:38]} 40. Rc4 {[%clk 0:06:58]}  Bd4 {[%clk 0:01:47]} 41. Ke4 {[%clk 0:06:44]}  Bxf2 {[%clk 0:26:40]} 42. Rc1 {[%clk 0:35:52]}  Bd4 {[%clk 0:22:33]} 43. Rb1 {[%clk 0:36:05]}  Kc6 {[%clk 0:22:58]} 44. Rb5 {[%clk 0:33:10]}  Bc3 {[%clk 0:23:06]} 45. Kd3 {[%clk 0:33:24]}  Bb4 {[%clk 0:23:05]} 46. Kc4 {[%clk 0:33:49]}  Kd6 {[%clk 0:23:06]} 47. Rb7 {[%clk 0:33:11]}  Ke6 {[%clk 0:23:11]} 48. Rc7 {[%clk 0:31:51]}  f5 {[%clk 0:18:24]} 49. gxf5+ {[%clk 0:32:13]}  Kxf5 {[%clk 0:18:45]} 50. Rxf7+ {[%clk 0:32:38]}  Kg6 {[%clk 0:17:36]} 51. Rf3 {[%clk 0:30:16]}  Kh5 {[%clk 0:17:45]} 52. Rg3 {[%clk 0:30:35]}  Kh4 {[%clk 0:17:46]} 53. Rg4 {[%clk 0:31:01]}  Kxh3 {[%clk 0:17:02]} 54. Rxg5 {[%clk 0:31:27]} 1-0

[Event "45th FIDE Chess Olympiad Open"]
[Site "Budapest, Hungary"]
[Date "2024.09.22"]
[Round "11"]
[White "Garcia Fuentes, Sergio Miguel"]
[Black "Gong, Daniel Hanwen"]
[Result "0-1"]
[Board "180"]
[WhiteFideId "7300549"]
[BlackFideId "4303962"]
[WhiteTitle "FM"]
[BlackTitle "FM"]
[WhiteElo "2114"]
[BlackElo "2240"]
[WhiteTeam "Guatemala"]
[BlackTeam "New Zealand"]
[WhiteClock "0:10:34"]
[BlackClock "1:07:44"]
[Variant "Standard"]

1. e4 {[%clk 1:30:42]}  c6 {[%clk 1:30:56]} 2. Nf3 {[%clk 1:30:15]}  d5 {[%clk 1:31:23]} 3. Nc3 {[%clk 1:29:38]}  Bg4 {[%clk 1:30:04]} 4. h3 {[%clk 1:29:15]}  Bxf3 {[%clk 1:30:31]} 5. Qxf3 {[%clk 1:29:33]}  e6 {[%clk 1:30:59]} 6. Be2 {[%clk 1:28:46]}  Nf6 {[%clk 1:30:44]} 7. O-O {[%clk 1:28:39]}  d4 {[%clk 1:30:22]} 8. Nb1 {[%clk 1:26:53]}  Bd6 {[%clk 1:30:30]} 9. d3 {[%clk 1:25:08]}  Nbd7 {[%clk 1:19:34]} 10. g3 {[%clk 1:21:49]}  c5 {[%clk 1:18:39]} 11. Nd2 {[%clk 1:10:15]}  b5 {[%clk 1:17:35]} 12. Qg2 {[%clk 1:08:20]}  Nb6 {[%clk 1:14:31]} 13. f4 {[%clk 1:01:18]}  Nfd7 {[%clk 1:13:13]} 14. e5 {[%clk 0:52:17]}  Be7 {[%clk 1:12:48]} 15. Bf3 {[%clk 0:52:17]}  Rc8 {[%clk 1:12:46]} 16. Nb3 {[%clk 0:40:09]}  O-O {[%clk 1:09:50]} 17. Na5 {[%clk 0:32:15]}  Nb8 {[%clk 1:08:18]} 18. Nc6 {[%clk 0:24:32]}  Qc7 {[%clk 1:02:23]} 19. Nxe7+ {[%clk 0:23:44]}  Qxe7 {[%clk 1:02:44]} 20. Be4 {[%clk 0:23:20]}  N8d7 {[%clk 1:00:15]} 21. Bc6 {[%clk 0:18:51]}  b4 {[%clk 0:59:35]} 22. a3 {[%clk 0:18:31]}  Rc7 {[%clk 0:57:20]} 23. Bd2 {[%clk 0:17:32]}  Rfc8 {[%clk 0:55:23]} 24. Be4 {[%clk 0:17:46]}  a5 {[%clk 0:54:10]} 25. g4 {[%clk 0:13:56]}  c4 {[%clk 0:53:14]} 26. axb4 {[%clk 0:14:18]}  axb4 {[%clk 0:53:19]} 27. g5 {[%clk 0:11:59]}  cxd3 {[%clk 0:52:25]} 28. Bxd3 {[%clk 0:11:40]}  Nd5 {[%clk 0:51:13]} 29. Qe4 {[%clk 0:11:20]}  g6 {[%clk 0:50:55]} 30. Qxd4 {[%clk 0:11:13]}  Qc5 {[%clk 0:50:21]} 31. Qxc5 {[%clk 0:09:11]}  Nxc5 {[%clk 0:50:48]} 32. Rfc1 {[%clk 0:05:41]}  b3 {[%clk 0:46:14]} 33. Kf2 {[%clk 0:05:54]}  Nb4 {[%clk 0:45:40]} 34. Ke2 {[%clk 0:05:14]}  Na2 {[%clk 0:41:42]} 35. cxb3 {[%clk 0:01:55]}  Nxc1+ {[%clk 0:41:50]} 36. Rxc1 {[%clk 0:02:10]}  Nxd3 {[%clk 0:40:04]} 37. Rxc7 {[%clk 0:02:36]}  Nxf4+ {[%clk 0:40:32]} 38. Bxf4 {[%clk 0:02:54]}  Rxc7 {[%clk 0:41:01]} 39. Kd3 {[%clk 0:02:24]}  Kf8 {[%clk 0:41:27]} 40. b4 {[%clk 0:02:00]}  Ke7 {[%clk 0:41:47]} 41. Be3 {[%clk 0:01:50]}  Kd7 {[%clk 0:42:13]} 42. b5 {[%clk 0:01:02]}  Kc8 {[%clk 0:42:40]} 43. b4 {[%clk 0:27:38]}  Kb7 {[%clk 1:11:11]} 44. Bc5 {[%clk 0:24:39]}  Rc8 {[%clk 1:10:57]} 45. Ke4 {[%clk 0:19:40]}  Rd8 {[%clk 1:09:37]} 46. h4 {[%clk 0:18:31]}  Rd1 {[%clk 1:09:27]} 47. Kf4 {[%clk 0:18:27]}  Rf1+ {[%clk 1:09:16]} 48. Kg4 {[%clk 0:18:38]}  Rf5 {[%clk 1:04:31]} 49. Bd4 {[%clk 0:18:33]}  Kc8 {[%clk 1:04:55]} 50. Kg3 {[%clk 0:17:39]}  Rf1 {[%clk 1:05:03]} 51. Kg4 {[%clk 0:17:38]}  Rd1 {[%clk 1:05:26]} 52. Bc5 {[%clk 0:17:39]}  Rc1 {[%clk 1:05:16]} 53. Kf4 {[%clk 0:16:58]}  Rc4+ {[%clk 1:05:22]} 54. Kg3 {[%clk 0:17:26]}  Kb7 {[%clk 1:05:36]} 55. Kh3 {[%clk 0:11:56]}  Re4 {[%clk 1:06:02]} 56. Bd6 {[%clk 0:11:09]}  Kb6 {[%clk 1:06:27]} 57. Kg3 {[%clk 0:10:35]}  Kxb5 {[%clk 1:06:51]} 58. Kh3 {[%clk 0:10:13]}  Rxb4 {[%clk 1:06:55]} 59. Bxb4 {[%clk 0:10:16]}  Kxb4 {[%clk 1:07:21]} 60. h5 {[%clk 0:10:34]}  Kc4 {[%clk 1:07:44]} 0-1

[Event "45th FIDE Chess Olympiad Open"]
[Site "Budapest, Hungary"]
[Date "2024.09.22"]
[Round "11"]
[White "Espinoza Solano, Jose Nahum"]
[Black "Barrish, Daniel"]
[Result "0-1"]
[Board "181"]
[WhiteFideId "6104428"]
[BlackFideId "14304600"]
[WhiteTitle "FM"]
[BlackTitle "FM"]
[WhiteElo "2156"]
[BlackElo "2281"]
[WhiteTeam "Nicaragua"]
[BlackTeam "South Africa"]
[WhiteClock "1:25:12"]
[BlackClock "0:10:35"]
[Variant "Standard"]

1. e4 {[%clk 1:30:16]}  c6 {[%clk 1:30:54]} 2. d4 {[%clk 1:30:42]}  d5 {[%clk 1:31:20]} 3. exd5 {[%clk 1:31:10]}  cxd5 {[%clk 1:31:46]} 4. c4 {[%clk 1:31:36]}  Nf6 {[%clk 1:32:04]} 5. Nc3 {[%clk 1:32:03]}  Nc6 {[%clk 1:32:21]} 6. Nf3 {[%clk 1:32:21]}  a6 {[%clk 1:32:44]} 7. c5 {[%clk 1:30:36]}  Bg4 {[%clk 1:32:05]} 8. Be2 {[%clk 1:31:00]}  g6 {[%clk 1:32:28]} 9. h3 {[%clk 1:30:42]}  Bxf3 {[%clk 1:32:33]} 10. Bxf3 {[%clk 1:31:10]}  Bg7 {[%clk 1:32:14]} 11. O-O {[%clk 1:31:34]}  O-O {[%clk 1:32:02]} 12. Re1 {[%clk 1:32:00]}  e6 {[%clk 1:29:44]} 13. Rb1 {[%clk 1:29:55]}  Nd7 {[%clk 1:27:27]} 14. Be3 {[%clk 1:27:54]}  f5 {[%clk 1:10:46]} 15. Ne2 {[%clk 1:26:02]}  g5 {[%clk 1:03:30]} 16. g3 {[%clk 1:22:52]}  h6 {[%clk 1:01:25]} 17. b4 {[%clk 1:22:12]}  b6 {[%clk 0:58:52]} 18. Bg2 {[%clk 1:21:07]}  Nf6 {[%clk 0:51:39]} 19. a4 {[%clk 1:20:37]}  b5 {[%clk 0:49:06]} 20. axb5 {[%clk 1:19:36]}  axb5 {[%clk 0:49:34]} 21. Qd3 {[%clk 1:15:12]}  Qd7 {[%clk 0:48:35]} 22. f4 {[%clk 1:14:39]}  Ne4 {[%clk 0:48:03]} 23. Rb3 {[%clk 1:13:33]}  Rfb8 {[%clk 0:41:58]} 24. Reb1 {[%clk 1:11:46]}  Ra2 {[%clk 0:39:19]} 25. Nc3 {[%clk 1:11:34]}  Nxc3 {[%clk 0:31:43]} 26. Rxc3 {[%clk 1:11:51]}  gxf4 {[%clk 0:32:03]} 27. gxf4 {[%clk 1:12:09]}  Bf6 {[%clk 0:32:07]} 28. Kh1 {[%clk 1:07:23]}  Kh8 {[%clk 0:29:22]} 29. Rc2 {[%clk 1:07:07]}  Rxc2 {[%clk 0:27:23]} 30. Qxc2 {[%clk 1:07:36]}  Nxd4 {[%clk 0:20:45]} 31. Qb2 {[%clk 1:07:39]}  Qg7 {[%clk 0:20:50]} 32. Bxd4 {[%clk 1:08:06]}  Bxd4 {[%clk 0:21:14]} 33. Qe2 {[%clk 1:08:34]}  Rg8 {[%clk 0:19:14]} 34. c6 {[%clk 1:06:16]}  Be3 {[%clk 0:18:15]} 35. Rf1 {[%clk 1:05:27]}  d4 {[%clk 0:17:56]} 36. c7 {[%clk 1:04:11]}  Qxc7 {[%clk 0:14:31]} 37. Qxb5 {[%clk 1:04:34]}  Bxf4 {[%clk 0:13:56]} 38. Qc6 {[%clk 1:04:39]}  Qxc6 {[%clk 0:13:40]} 39. Bxc6 {[%clk 1:05:07]}  e5 {[%clk 0:04:25]} 40. b5 {[%clk 0:58:59]}  Rg3 {[%clk 0:01:01]} 41. Rb1 {[%clk 0:55:38]}  Rxh3+ {[%clk 0:19:21]} 42. Kg2 {[%clk 1:26:07]}  Rg3+ {[%clk 0:19:31]} 43. Kf2 {[%clk 1:26:35]}  e4 {[%clk 0:17:34]} 44. b6 {[%clk 1:26:53]}  d3 {[%clk 0:17:19]} 45. b7 {[%clk 1:26:23]}  e3+ {[%clk 0:17:41]} 46. Kf1 {[%clk 1:26:52]}  Rg8 {[%clk 0:17:47]} 47. Bd5 {[%clk 1:26:24]}  Re8 {[%clk 0:15:36]} 48. Bc4 {[%clk 1:26:30]}  e2+ {[%clk 0:12:44]} 49. Kf2 {[%clk 1:26:58]}  Be3+ {[%clk 0:11:23]} 50. Ke1 {[%clk 1:25:12]}  Bg5 {[%clk 0:10:35]} 0-1

[Event "45th FIDE Chess Olympiad Open"]
[Site "Budapest, Hungary"]
[Date "2024.09.22"]
[Round "11"]
[White "Karsten, Jan"]
[Black "Alfaro, William"]
[Result "1-0"]
[Board "182"]
[WhiteFideId "14350653"]
[BlackFideId "6100457"]
[WhiteTitle "IM"]
[BlackTitle "FM"]
[WhiteElo "2311"]
[BlackElo "2133"]
[WhiteTeam "South Africa"]
[BlackTeam "Nicaragua"]
[WhiteClock "0:36:01"]
[BlackClock "0:54:43"]
[Variant "Standard"]

1. e4 {[%clk 1:30:55]}  c5 {[%clk 1:30:52]} 2. Nf3 {[%clk 1:31:21]}  Nc6 {[%clk 1:31:16]} 3. Bb5 {[%clk 1:31:47]}  g6 {[%clk 1:31:45]} 4. O-O {[%clk 1:32:11]}  Bg7 {[%clk 1:32:13]} 5. Re1 {[%clk 1:32:34]}  Nf6 {[%clk 1:32:38]} 6. c3 {[%clk 1:33:00]}  O-O {[%clk 1:33:04]} 7. d4 {[%clk 1:33:28]}  d5 {[%clk 1:33:32]} 8. e5 {[%clk 1:33:53]}  Ne4 {[%clk 1:33:59]} 9. Bxc6 {[%clk 1:34:20]}  bxc6 {[%clk 1:34:26]} 10. Be3 {[%clk 1:34:48]}  cxd4 {[%clk 1:34:50]} 11. cxd4 {[%clk 1:35:12]}  Rb8 {[%clk 1:33:19]} 12. Qc1 {[%clk 1:34:55]}  f6 {[%clk 1:33:41]} 13. exf6 {[%clk 1:33:25]}  exf6 {[%clk 1:34:06]} 14. Nbd2 {[%clk 1:32:09]}  Bf5 {[%clk 1:34:22]} 15. Qxc6 {[%clk 1:21:06]}  Nxd2 {[%clk 1:34:23]} 16. Nxd2 {[%clk 1:21:30]}  Rxb2 {[%clk 1:34:50]} 17. Nb3 {[%clk 1:21:34]}  Rc2 {[%clk 1:19:57]} 18. Nc5 {[%clk 1:15:18]}  g5 {[%clk 1:13:19]} 19. Rec1 {[%clk 0:54:40]}  Rxc1+ {[%clk 1:13:07]} 20. Rxc1 {[%clk 0:55:08]}  Re8 {[%clk 1:00:57]} 21. Nb7 {[%clk 0:42:13]}  Qd7 {[%clk 1:00:21]} 22. Qxd7 {[%clk 0:36:23]}  Bxd7 {[%clk 1:00:42]} 23. Rc7 {[%clk 0:36:43]}  Bf5 {[%clk 0:54:43]} 24. Nd6 {[%clk 0:36:01]} 1-0

[Event "45th FIDE Chess Olympiad Open"]
[Site "Budapest, Hungary"]
[Date "2024.09.22"]
[Round "11"]
[White "Sanchez, Steven"]
[Black "Levitan, Caleb Levi"]
[Result "0-1"]
[Board "183"]
[WhiteFideId "6102352"]
[BlackFideId "14332620"]
[BlackTitle "FM"]
[WhiteElo "2072"]
[BlackElo "2193"]
[WhiteTeam "Nicaragua"]
[BlackTeam "South Africa"]
[WhiteClock "0:00:57"]
[BlackClock "0:06:33"]
[Variant "Standard"]

1. c4 {[%clk 1:30:22]}  e6 {[%clk 1:30:26]} 2. Nf3 {[%clk 1:30:46]}  d5 {[%clk 1:30:22]} 3. e3 {[%clk 1:31:10]}  Nf6 {[%clk 1:30:11]} 4. b3 {[%clk 1:30:48]}  Be7 {[%clk 1:29:42]} 5. Bb2 {[%clk 1:29:21]}  O-O {[%clk 1:29:20]} 6. Nc3 {[%clk 1:29:40]}  c5 {[%clk 1:26:01]} 7. cxd5 {[%clk 1:27:54]}  exd5 {[%clk 1:23:40]} 8. d4 {[%clk 1:28:10]}  b6 {[%clk 1:22:56]} 9. Rc1 {[%clk 1:23:27]}  Bg4 {[%clk 1:19:35]} 10. Be2 {[%clk 1:21:57]}  Nc6 {[%clk 1:19:11]} 11. Na4 {[%clk 1:17:12]}  Ne4 {[%clk 1:16:01]} 12. O-O {[%clk 1:15:24]}  Rc8 {[%clk 1:12:17]} 13. dxc5 {[%clk 1:05:52]}  bxc5 {[%clk 1:06:24]} 14. Nd2 {[%clk 1:03:58]}  Bxe2 {[%clk 0:42:07]} 15. Qxe2 {[%clk 1:04:17]}  Nxd2 {[%clk 0:41:58]} 16. Qxd2 {[%clk 1:04:39]}  c4 {[%clk 0:38:55]} 17. bxc4 {[%clk 0:52:28]}  dxc4 {[%clk 0:39:06]} 18. Qc3 {[%clk 0:51:28]}  Bf6 {[%clk 0:37:27]} 19. Qxc4 {[%clk 0:47:15]}  Bxb2 {[%clk 0:33:10]} 20. Nxb2 {[%clk 0:45:57]}  Ne5 {[%clk 0:30:48]} 21. Qe2 {[%clk 0:42:52]}  Qa5 {[%clk 0:25:41]} 22. f4 {[%clk 0:38:42]}  Nd7 {[%clk 0:25:42]} 23. Nd3 {[%clk 0:33:40]}  Qa6 {[%clk 0:18:18]} 24. Qd2 {[%clk 0:33:41]}  Rcd8 {[%clk 0:18:14]} 25. Nb4 {[%clk 0:33:40]}  Qa5 {[%clk 0:17:15]} 26. Qc3 {[%clk 0:27:09]}  Nb6 {[%clk 0:11:13]} 27. Qb3 {[%clk 0:18:59]}  Rd2 {[%clk 0:08:50]} 28. Rf2 {[%clk 0:19:09]}  Rxf2 {[%clk 0:08:28]} 29. Kxf2 {[%clk 0:19:37]}  h6 {[%clk 0:08:16]} 30. Kg1 {[%clk 0:07:22]}  Rc8 {[%clk 0:08:02]} 31. Rxc8+ {[%clk 0:06:46]}  Nxc8 {[%clk 0:08:31]} 32. h3 {[%clk 0:05:35]}  Qc5 {[%clk 0:07:42]} 33. Kh2 {[%clk 0:03:59]}  Nd6 {[%clk 0:06:21]} 34. Na6 {[%clk 0:03:42]}  Qc6 {[%clk 0:05:53]} 35. Qd3 {[%clk 0:03:22]}  Ne4 {[%clk 0:02:15]} 36. Nb4 {[%clk 0:03:42]}  Qg6 {[%clk 0:02:31]} 37. g4 {[%clk 0:03:05]}  a5 {[%clk 0:02:09]} 38. Nd5 {[%clk 0:03:11]}  Qe6 {[%clk 0:02:33]} 39. Kg2 {[%clk 0:02:46]}  h5 {[%clk 0:02:15]} 40. Kf3 {[%clk 0:02:09]}  hxg4+ {[%clk 0:02:25]} 41. hxg4 {[%clk 0:02:37]}  Nf6 {[%clk 0:22:43]} 42. Nxf6+ {[%clk 0:30:27]}  Qxf6 {[%clk 0:20:48]} 43. Qe4 {[%clk 0:28:27]}  Qd8 {[%clk 0:18:14]} 44. Kg3 {[%clk 0:21:40]}  Qd2 {[%clk 0:15:42]} 45. Qe8+ {[%clk 0:19:22]}  Kh7 {[%clk 0:16:10]} 46. Qxf7 {[%clk 0:19:16]}  Qxe3+ {[%clk 0:14:23]} 47. Kh4 {[%clk 0:18:58]}  a4 {[%clk 0:07:37]} 48. Qf5+ {[%clk 0:19:19]}  Kh8 {[%clk 0:07:46]} 49. Qc8+ {[%clk 0:19:34]}  Kh7 {[%clk 0:08:05]} 50. Qc2+ {[%clk 0:20:00]}  Kh8 {[%clk 0:07:20]} 51. Qxa4 {[%clk 0:20:02]}  Qe1+ {[%clk 0:04:44]} 52. Kg5 {[%clk 0:16:33]}  Qe7+ {[%clk 0:05:01]} 53. Kf5 {[%clk 0:16:25]}  Qf6+ {[%clk 0:03:52]} 54. Ke4 {[%clk 0:16:49]}  Qg6+ {[%clk 0:04:17]} 55. Kf3 {[%clk 0:07:34]}  Qd3+ {[%clk 0:04:40]} 56. Kg2 {[%clk 0:07:09]}  Qe2+ {[%clk 0:04:42]} 57. Kg3 {[%clk 0:06:56]}  Qe3+ {[%clk 0:04:30]} 58. Kh4 {[%clk 0:06:07]}  Qe1+ {[%clk 0:04:50]} 59. Kg5 {[%clk 0:04:58]}  Qe7+ {[%clk 0:05:14]} 60. Kh5 {[%clk 0:05:04]}  Qe6 {[%clk 0:05:24]} 61. Qa8+ {[%clk 0:02:34]}  Kh7 {[%clk 0:05:53]} 62. Kh4 {[%clk 0:02:44]}  Qe1+ {[%clk 0:06:09]} 63. Kh3 {[%clk 0:02:50]}  Qe3+ {[%clk 0:06:22]} 64. Kg2 {[%clk 0:02:46]}  Qe2+ {[%clk 0:04:51]} 65. Kg3 {[%clk 0:02:04]}  Qe1+ {[%clk 0:05:14]} 66. Kh3 {[%clk 0:01:35]}  Qe3+ {[%clk 0:05:34]} 67. Kh4 {[%clk 0:01:29]}  Qe1+ {[%clk 0:05:46]} 68. Kg5 {[%clk 0:01:09]}  Qe7+ {[%clk 0:06:08]} 69. Kf5 {[%clk 0:00:57]}  g6# {[%clk 0:06:33]} 0-1